[Event "POL-chT4 Kujawsko-Pomorskie 1617"]
[Site "Poland"]
[Date "2017.01.08"]
[Round "5.23"]
[White "Fiugajski, Michal"]
[Black "Jesse, Jacek"]
[Result "0-1"]
[WhiteElo "1086"]
[BlackElo "1915"]
[PlyCount "98"]
[EventDate "2016.11.06"]
[EventType "team-tourn"]
[EventRounds "11"]
[EventCountry "POL"]
[SourceTitle "EXT 2019"]
[Source "ChessBase"]
[SourceDate "2018.10.10"]
[SourceVersion "1"]
[SourceVersionDate "2018.10.10"]
[SourceQuality "1"]

1. e4 d5 2. exd5 Qxd5 3. Nc3 Qa5 4. Nf3 Nf6 5. Bc4 Bg4 6. h3 Bh5 7. d3 e6 8. Bf4 c6 9. a3 Nbd7 10. b4 Qf5 11. Bg5 Bxf3 12. Qxf3 Qe5+ 13. Kd2 Qxg5+ 14. Ke2 Bd6 15. Ne4 Nxe4 16. Qxe4 Nf6 17. h4 Qh5+ 18. Qf3 Qe5+ 19. Qe3 Qb2 20. Ra2 Qc3 21. Rb1 Nd5 22. Bxd5 cxd5 23. Rb3 Qf6 24. c4 dxc4 25. dxc4 Qxh4 26. c5 Qc4+ 27. Qd3 Qxd3+ 28. Rxd3 Be5 29. Re3 Bf6 30. Rd3 Rd8 31. Rad2 Rxd3 32. Rxd3 Ke7 33. b5 Rc8 34. a4 Rxc5 35. Rb3 Bd4 36. a5 e5 37. a6 bxa6 38. bxa6 Rc2+ 39. Kd3 Rxf2 40. Rb7+ Kf6 41. g4 Kg5 42. Ke4 Kxg4 43. Rb8 h5 44. Rg8 g5 45. Rh8 h4 46. Rh7 h3 47. Kd5 h2 48. Kc4 Kg3 49. Rg7 h1Q 0-1

[Event "POL-chT4 Kujawsko Pomorskie 1011"]
[Site "Poland"]
[Date "2011.03.27"]
[Round "9.11"]
[White "Jesse, Jacek"]
[Black "Wisniewski, Jaroslaw"]
[Result "1-0"]
[WhiteElo "1934"]
[BlackElo "1936"]
[PlyCount "83"]
[EventDate "2010.11.07"]
[EventType "team-swiss"]
[EventRounds "10"]
[EventCountry "POL"]
[SourceTitle "EXT 2019"]
[Source "ChessBase"]
[SourceDate "2018.10.10"]
[SourceVersion "1"]
[SourceVersionDate "2018.10.10"]
[SourceQuality "1"]

1. d4 Nf6 2. c4 c5 3. d5 b5 4. e3 d6 5. cxb5 a6 6. Nc3 g6 7. Nf3 Bg7 8. a4 0-0 9. Bc4 Nbd7 10. 0-0 Ng4 11. Qc2 Nge5 12. Nxe5 Nxe5 13. Be2 axb5 14. Nxb5 Ba6 15. Rb1 Qb6 16. Bd2 Rfb8 17. Bc3 Qb7 18. e4 Nd7 19. Bxg7 Kxg7 20. h4 Nb6 21. b3 Nd7 22. f4 f6 23. g4 Qb6 24. Kh2 h6 25. Qc3 Rh8 26. Rf3 Raf8 27. Kg3 Qb8 28. Rg1 Bc8 29. Na3 g5 30. hxg5 hxg5 31. fxg5 Ne5 32. gxf6+ exf6 33. Rff1 Rh6 34. Rh1 Rg6 35. Rh4 f5 36. exf5 Bxf5 37. Nc4 Bxg4 38. Nxe5 dxe5 39. Rxg4 Rxg4+ 40. Kxg4 Rh8 41. Rf5 Re8 42. Qxc5 1-0

[Event "POL-chT4 Kujawsko Pomorskie 1011"]
[Site "Poland"]
[Date "2011.03.13"]
[Round "8.11"]
[White "Bieluszewski, Robert"]
[Black "Jesse, Jacek"]
[Result "0-1"]
[WhiteElo "2023"]
[BlackElo "1934"]
[PlyCount "98"]
[EventDate "2010.11.07"]
[EventType "team-swiss"]
[EventRounds "10"]
[EventCountry "POL"]
[SourceTitle "EXT 2019"]
[Source "ChessBase"]
[SourceDate "2018.10.10"]
[SourceVersion "1"]
[SourceVersionDate "2018.10.10"]
[SourceQuality "1"]

1. c4 c5 2. Nf3 g6 3. Nc3 Nc6 4. e3 Bg7 5. Be2 Nf6 6. 0-0 0-0 7. d4 cxd4 8. exd4 d5 9. c5 Re8 10. h3 h6 11. Be3 Ne4 12. Bb5 a6 13. Ba4 Nxc3 14. bxc3 Qa5 15. Bd2 Qc7 16. Re1 e5 17. Bxc6 bxc6 18. Nxe5 Bxe5 19. f4 Bxd4+ 20. cxd4 Bf5 21. Rxe8+ Rxe8 22. Qf1 Qb7 23. Re1 Be4 24. Bc3 Rb8 25. Qe2 Qc8 26. Ba5 Rb5 27. Bc3 Qb8 28. Qf2 f5 29. Qh4 Qf8 30. Qf2 Kg7 31. Rc1 Qd8 32. Kh2 a5 33. Rd1 a4 34. a3 Rb3 35. Bb4 Qb8 36. Kg1 g5 37. Rf1 Kg6 38. Qe2 Rg3 39. Rf2 gxf4 40. Qa6 Qc7 41. Qa8 f3 42. Bd2 Rxg2+ 43. Rxg2+ fxg2 44. Qe8+ Kh7 45. Qe6 f4 46. Qf6 Qg7 47. Qxf4 Qxd4+ 48. Be3 Qd1+ 49. Kh2 Qh1+ 0-1

[Event "POL-chT4 Kujawsko Pomorskie 1011"]
[Site "Poland"]
[Date "2011.01.09"]
[Round "4.11"]
[White "Mochocki, Przemyslaw"]
[Black "Jesse, Jacek"]
[Result "0-1"]
[WhiteElo "1565"]
[BlackElo "1934"]
[PlyCount "44"]
[EventDate "2010.11.07"]
[EventType "team-swiss"]
[EventRounds "10"]
[EventCountry "POL"]
[SourceTitle "EXT 2019"]
[Source "ChessBase"]
[SourceDate "2018.10.10"]
[SourceVersion "1"]
[SourceVersionDate "2018.10.10"]
[SourceQuality "1"]

1. e4 d5 2. exd5 Qxd5 3. Nc3 Qa5 4. Nf3 Nf6 5. h3 Bf5 6. d3 e6 7. Bd2 c6 8. Ne4 Qc7 9. Nxf6+ gxf6 10. Bc3 Nd7 11. g4 Bg6 12. h4 h5 13. g5 Be7 14. Qd2 0-0-0 15. 0-0-0 Rhe8 16. Bh3 Bd6 17. Kb1 f5 18. Rhe1 e5 19. Qe2 Kb8 20. Nd4 exd4 21. Qxe8 dxc3 22. bxc3 Qb6+ 0-1

[Event "POL-chT4 Kujawsko Pomorskie 1011"]
[Site "Poland"]
[Date "2010.12.12"]
[Round "3.31"]
[White "Jesse, Jacek"]
[Black "Zawada, Andrzej"]
[Result "1-0"]
[WhiteElo "1934"]
[BlackElo "1736"]
[PlyCount "81"]
[EventDate "2010.11.07"]
[EventType "team-swiss"]
[EventRounds "10"]
[EventCountry "POL"]
[SourceTitle "EXT 2019"]
[Source "ChessBase"]
[SourceDate "2018.10.10"]
[SourceVersion "1"]
[SourceVersionDate "2018.10.10"]
[SourceQuality "1"]

1. d4 d5 2. c4 e6 3. Nc3 Nf6 4. Bg5 Nbd7 5. Nf3 Bb4 6. Qc2 c5 7. e3 Qa5 8. a3 Ne4 9. Rc1 Bxc3+ 10. bxc3 cxd4 11. exd4 Nxg5 12. Nxg5 dxc4 13. Ne4 Qxa3 14. Bxc4 0-0 15. 0-0 a6 16. f4 Nb6 17. Bd3 Nd5 18. Nc5 g6 19. Qd2 Qa5 20. h4 Nf6 21. Be2 h5 22. Qe3 Qd8 23. Qg3 b6 24. Bf3 Rb8 25. Ne4 Bb7 26. Nxf6+ Qxf6 27. Bxh5 Kh7 28. Be2 Rh8 29. h5 gxh5 30. Bd3+ Kh6 31. Rf2 Qg7 32. Qh4 f5 33. Re1 Rbe8 34. c4 Rhg8 35. d5 exd5 36. Rxe8 Rxe8 37. cxd5 Bxd5 38. Bxf5 Re1+ 39. Kh2 Re3 40. Rd2 Qg8 41. Qf6+ 1-0